000 00486nam a22001937a 4500
003 MPLRDC
005 20220104152102.0
008 210129b ||||| |||| 00| 0 eng d
020 _a7-5408-3039-5
082 _a320.92 FS
100 _a冯时
245 _a星汉流年: 中国天文考古录
_c
250 _a初版
260 _a
_b四川教育出版社
_c1996
300 _b
490 _a华夏文明探秘丛书
650 _a中国天文学史
942 _cBK
_o320.92 FS
999 _c52706
_d52696